000 01183 a2200217 4500
001 45031
005 20260407155725.0
008 260407a1981 arg spa d
003 AR-UNSa-BCEJYS
040 _aAR-UNSa-BCEJYS
_bspa
_cAR-UNSa-BCEJYS
080 _a330.342.146
_xEconomía social de mercado. Economía del estado del bienestar
245 1 0 _aEl orden del futuro
264 1 _aBuenos Aires :
_bEUDEBA (Editorial Universitaria de Buenos Aires)
_c1981
300 _aviii, 284 p.
_c23 cm.
505 _a1. Economía social de mercado : hoy y mañana – 2. Forma y contenido – 3. La economía social de mercado a un cuarto de siglo de su puesta a prueba – 4. La controversia ideológica. La futura sociedad comunista. Una alternativa de la economía social de mercado – 5. Contestaciones político-económicas a los desafíos de nuestros tiempos – 6. Respuestas político-sociales a los desafíos de nuestro tiempo – 7. La economía social de mercado como modelo internacional – 8. Entre oriente y occidente.
041 _aspa
942 _cBK
590 _aniveau_biblio:m niveau_hierar:0
100 1 _aMüller- Armack, Alfred
700 1 _aErhard, Ludwig
999 _c3882
_d3882